Veľa mrazu rozkvitlo ... ; Po odpočinutom sne, zafarbenom jemným smútkom ... ; Dám ti príležitosť stať sa mojou láskou ...

Bibliographic Details
Main Author: Blažovský, Ján 1979- (Author)
Format: Article
Language:Slovak
ISSN:1210-2210
Subjects:

MARC

LEADER 00000nab a2200000 a 4500
001 vtls000805345
003 SK-MaSNL
005 20260304104826.0
008 250429c2002 xo 0 slo
015 |a SNBRB2002/09-27279 
035 |a CLN000157000 
035 |a urn:nbn:sk:snk-abbvm5 
035 |a (urnnbn)urn:nbn:sk:snk:ar-003q7l 
035 |a (uuid)67bd70f4-8e0a-4146-a45c-cd687e79b9f9 
040 |a SNKBUCL  |b slo  |c SNKBUCL  |e AACR2 
041 0 |a slo 
044 |a xo  |c SK 
080 |a 885.4-1  |2 1997 
100 1 |a Blažovský, Ján  |d 1979-  |4 aut  |9 1066436 
245 1 0 |a Veľa mrazu rozkvitlo ... ; Po odpočinutom sne, zafarbenom jemným smútkom ... ; Dám ti príležitosť stať sa mojou láskou ...  |c Ján Blažovský 
650 0 7 |a lyrické básne, slovenské  |2 snkbucl  |9 28980 
655 7 |a články z novín a časopisov  |2 snkbucl  |9 267496 
773 0 |t Dotyky  |g Roč. 14, č. 1 (2002), s. 77  |x 1210-2210 
850 |a Slovenská národná knižnica 
852 |a Slovenská národná knižnica 
958 |a article15 
958 |a OND 
958 |a LX 
958 |a SK 
958 |a EUIPO 
992 |a RBX 
999 |c 2853166  |d 2855096